| 000 | 00440nam a2200193Ia 4500 | ||
|---|---|---|---|
| 005 | 20240823034344.0 | ||
| 008 | 240823s9999||||xx |||||||||||||| ||und|| | ||
| 020 | _a978-81-264-2089-6 | ||
| 041 | _aMALAYALAM | ||
| 082 | _A894.8123 P8 | ||
| 100 | _aSudhir Kakar | ||
| 245 | 0 | _aMeerayum Mahatmavum | |
| 250 | _a1st | ||
| 260 |
_c2008 _b"D C Books,Kot" |
||
| 500 | _aYES | ||
| 650 |
_aNovel _bEnglish |
||
| 942 | _cBK | ||
| 999 |
_c198051 _d198051 |
||